La Industrialización latinoamericana: dependencia, deformación estructural y crisis /

Analiza el proceso de industrialización en América Latina, el cual ha sufrido un retroceso debido en parte, a la propia dinámica de la evolución del proceso de industrialización regional sustentado en la aplicación del modelo sutitutivo que dejó desde sus inicios a la industria de las condiciones co...

Ful tanımlama

Kaydedildi:
Detaylı Bibliyografya
Yazar: Betancourt Quesada, Silvia
Materyal Türü: Metin
Konular:
Etiketler: Etiketle
Etiket eklenmemiş, İlk siz ekleyin!

MARC

LEADER 00000 a a2200000 04500
001 5406
003
040
100 |a Betancourt Quesada, Silvia  
245 |a La Industrialización latinoamericana:   |b dependencia, deformación estructural y crisis /  |c Silvia Betancourt Quesada 
520 |a Analiza el proceso de industrialización en América Latina, el cual ha sufrido un retroceso debido en parte, a la propia dinámica de la evolución del proceso de industrialización regional sustentado en la aplicación del modelo sutitutivo que dejó desde sus inicios a la industria de las condiciones competivas en el mercado mundial, impidiendo con ello, el ajuste rápido a los cambios que se producían en las economías desarrolladas. Los problemas claves que se presentan en la industria latinomaericana actualmente son la falta de competividad de la producción, la pérdida de productividad de la industria, el retraso científico técnico del sector y la progresiva desaleración de la participación estatal en actividades industriales al traspasar a manos privadas. SM/EL  
650 |a INDUSTRIALIZACION  
650 |a RECESION ECONOMICA  
650 |a DEPENDENCIA  
650 |a CAPITALISMO  
650 |a IMPORTACIONES  
650 |a ESTADO  
650 |a EMPRESAS TRANSNACIONALES  
650 |a EXPORTACIONES  
650 |a INDUSTRIALIZACION  
650 |a TASA DE CRECIMIENTO  
773 |g volumen 103, número 2; páginas 62-75  
999 |c 31229  |d 31229